LEADER 01226nam0 2200277 450 001 000009151 005 20080310134529.0 100 $a20080310d2005----km-y0itay50------ba 101 0 $aita 102 $aIT 105 $ay---m---001yy 200 1 $a<>ruolo della fiducia e del rischio nella determinazione degli stili di consumo$eun'analisi del comportamento del consumatore di pollo in Italia$fAlessio Cavicchi$gAngela Mariani$gGianluca Stefani 210 $aNapoli$cUniversità degli Studi di Napoli "Parthenope"$d[2005] 215 $aVII, 161$cill.$d30 cm 328 $aTesi di Dottorato di ricerca in: Economia delle risorse alimentari e dell'ambiente (XVIII ciclo) 610 1 $aConsumatori - Comportamento 676 $a658.8342$v21$9Ricerche sul consumatore. Comportamento e psicologia del consumatore 700 1$aCavicchi,$bAlessio$0630766 702 1$aMariani,$bAngela 702 1$aStefani,$bGianluca 712 02$aUniversità degli Studi di Napoli "Parthenope" 801 0$aIT$bUNIPARTHENOPE$c20080310$gRICA$2UNIMARC 912 $a000009151 951 $aTESI-2005/13$cNAVA1$d20080310 996 $aRuolo della fiducia e del rischio nella determinazione degli stili di consumo$91204963 997 $aUNIPARTHENOPE LEADER 01604nam0 22003131i 450 001 UON00512902 005 20231205105507.718 100 $a20230329d1977 |0itac50 ba 101 $aper$aENG 102 $aIR 105 $a||||b ||||| 200 1 $aˆA ‰collection of Iranian Islamic art$ethe 9th through the 19th century A.D. 205 $a[Tehran$bIran] : Markaz-i Farhang? va Hunar?-i Riz?? ?Abb?s? = Reza Abbasi Cultural and Arts Centre 210 $a[48 p. non num.]$cill. ; 28 cm 215 $aCatalogue of the Reza Abbasi cultural and arts centre, Tehran, September 1977 312 $aIn pers.$9UON00512904 510 0$3UON00512904$aMa?mu'ah-?i ?z hunar-i Isl?mi-yi Ir?n ?z sadah-yi sivum t? ?ah?rdahum Hi?ri 606 $aARTE ISLAMICA$xIRAN$xCATALOGHI$3UONC100897$2FI 606 $aReza Abbasi cutural and arts centre$xCataloghi$3UONC100898$2FI 686 $aIRA IX M$cIRAN - ARTI - MUSEI E COLLEZIONI PRIVATE$2A 710 02$aMarkaz-i Farhangi va Hunari-i Riza 'Abbasi$cIran$3UONV233107$01590595 712 $a*Markaz-i *Farhangi va *Hunari-i *Riza 'Abbasi $3UONV233107$4650 791 02$aReza Abbasi cultural and arts centre$zMarkaz-i Farhangi va Hunari-i Riza 'Abbasi $3UONV233108 801 $aIT$bSOL$c20240220$gRICA 899 $aSIBA - SISTEMA BIBLIOTECARIO DI ATENEO$2UONSI 912 $aUON00512902 950 $aSIBA - SISTEMA BIBLIOTECARIO DI ATENEO$dSI IRA IX M 014 $eSI 41465 7 014 996 $aCollection of Iranian Islamic art$93902283 997 $aUNIOR